000 00216nam a2200097Ia 4500
008 220120s9999||||xx |||||||||||||| ||und||
100 _aSrinath, N.K
245 0 _aMicroprocessors 8086
300 _b0
650 _aCIVIL
999 _c136421
_d136421